| 000 | 00529nam a22001817a 4500 | ||
|---|---|---|---|
| 999 |
_c525787 _d525787 |
||
| 003 | NUST | ||
| 020 | _qHB/K | ||
| 038 | _aFaiza | ||
| 082 |
_a954.035 _bMIR |
||
| 100 |
_aMirza, Janbaz _916730 |
||
| 245 |
_aAngrez ky Baghi Musalman / _cJanbaz Mirza |
||
| 260 |
_aLahore : _bMaktaba Tabsara, _c1990. |
||
| 300 | _a486 p. ; | ||
| 880 |
_6100-01\r _aجانباز مرزا |
||
| 880 |
_6245-02\r _aانگریز کے باغی مسلمان / |
||
| 880 |
_6260-03\r _aلاہور : _bمکتبہ تبصرہ, _c۱۹۹۰. |
||
| 942 |
_2ddc _cBK |
||